000 00309nam a2200109Ia 4500
008 230206s9999 xx 000 0 und d
022 _a0256-0909
041 _aeng
100 _aChand V S, Ed.
_9119227
245 _aVikalpa : The Journal for Decision Makers
260 _bIndian Institute of Management
_aAhmedabad
999 _c97678
_d97678